000 00568nam a2200169 i 4500
001 27186
003 ES-MaACL
005 20230906153556.0
007 t|
008 030113s1904 gw ||||1| spa d
100 1 _aAya, Rafael.
_924103
245 1 0 _aMonografías gramaticales sobre la lengua alemana
_b: usos y regímenes de las proposiciones en el alto alemán moderno /
_cpor Rafael Aya.
260 _aBerlín :
_b[s.n.,
_c1904] (
_fHorn & Raasch)
300 _aXVI, 195 p. ;
_c24 cm.
650 0 4 _aLengua alemana-
_xGramática.
_914085
852 _aES-MaACL
_jB-4427
999 _c27186
_d27186